00752nam a2200205 i 450000100060000000300090000600500170001500700030003200800410003510000270007624501080010325000150021126000410022630000450026770000310031270000320034385200320037599900170040795201220042437093ES-MaACL20230906155513.0t|030220s1969 sp ||||1| spa d1 aBrumpt, Lucien.93213410aParasitología práctica / cpor Lucien Brumpt y Valentín Brumpt ; versión... Armando Ferro Poma. a[1ª ed.]. aBarcelona : bToray Masson, c[1969] aXII, 396 p., 6 lám. : bil. ; c22 cm.1 aBrumpt, Valentín.9321351 aFerro Poma, Armando.950599 aES-MaACLjC-35546 bR.68510 c37093d37093 00104070aATENEOMbATENEOMcDEPO2d2008-01-17eSCl0oC-35546p1039025r2023-02-23 00:00:00w2023-02-23yMONOGRAFIA